Prime Ministers Of India - Statistics

General Stats
  • This quiz has been taken 9 times
  • The average score is 6 of 15
Answer Stats
Picture Answer % Correct
Indira Gandhi
100%
Narendra Modi
89%
Jawaharlal Nehru
78%
Manmohan Singh
67%
Atal Bihari Vajpayee
56%
Lal Bahadur Shastri
56%
Rajiv Gandhi
56%
Chaudhary Charan Singh
22%
H .D .Deve Gowda
22%
Inder Kumar Gujral
22%
Moraji Desai
22%
Chandra Sekhar
11%
Gulzarilal Nanda
11%
Vishwanath Pratap Singh
11%
P .V. Narasima Rao
0%
No matching quizzes found
Score Distribution
Percent of People with Each Score
Percentile by Number Answered
Your Score History
You have not taken this quiz